000 00709nam a2200277Ia 4500
005 20260324143052.0
008 008 260324s9999 xx 000 0 eng d
020 _a9781315478050
037 _aEBOOK
040 _aCRL
040 _beng
040 _cCRL
041 _2eng
041 _aeng
084 _qCRL
100 _aChristina Rossetti
_91214264
245 0 _aMaude by Christina Rossetti, On Sisterhoods and A Woman's Thoughts About Women By Dinah Mulock Craik
260 _bTaylor and Francis
260 _c1993
365 _a
365 _b67.99
856 _uhttp://www.taylorfrancis.com/books/9781315478050
942 _cEBOOK
999 _c1819238
_d1819238